| 000 | 00795nam0a22002531 4500 | ||
|---|---|---|---|
| 001 | rc\3961376 | ||
| 005 | 20250611040152.0 | ||
| 021 |
_aRU _b[56-59845] |
||
| 035 | _a(NLR Aleph) 008050360 | ||
| 090 |
_a8937714 _c8937714 |
||
| 100 | _a20130415d1956 |||y0rusy50 ca | ||
| 101 | 0 | _arus | |
| 102 | _aRU | ||
| 105 | _aa z ||||| | ||
| 200 | 1 | _aПроизводство силоса из кукурузы | |
| 210 |
_aМосква _cМоск. рабочий _d1956 |
||
| 215 |
_a52 с. _cил. _d20 |
||
| 606 |
_aКукуруза _xСилосование _yМосковская область _2psbo |
||
| 700 | 1 |
_aЗафрен _bС.Я. _f1909- _gСоломон Яковлевич |
|
| 801 | 0 |
_aRU _bNLR _gpsbo |
|
| 801 | 1 |
_aRU _bELAR _2rusmarc |
|
| 852 |
_aNLR _jС50 Г-4/6107 |
||
| 942 | _cBOOK | ||
| 980 | _aNB | ||